Help Donald Trump Win the 2020 Election - Statistics

General Stats
  • This quiz has been taken 134 times
  • The average score is 8 of 50
Answers on the Map
Answers color-coded by a green-red scale on the quiz's map according to % correct below.
 
Answer Stats
Margin State % Correct
R+43.38 Wyoming . 4
89%
R+38.94 West Virginia . 9
66%
R+33.36 North Dakota . 12
48%
R+30.77 Idaho . 23
35%
R+33.09 Oklahoma . 19
35%
R+27.62 Arkansas . 29
32%
R+26.16 South Dakota . 32
30%
R+25.46 Alabama . 49
27%
R+25.94 Kentucky . 40
27%
R+23.21 Tennessee . 60
21%
D+0.24 Georgia . 248
20%
R+20.48 Utah . 66
20%
D+0.31 Arizona . 259
18%
R+1.35 North Carolina . 232
18%
R+5.58 Texas . 188
18%
D+0.63 Wisconsin . 269
18%
D+1.16 Pennsylvania . 289
17%
R+3.36 Florida . 217
15%
R+18.61 Louisiana . 76
14%
R+16.55 Mississippi . 82
14%
R+16.37 Montana . 85
14%
D+2.39 Nevada . 295
14%
R+14.63 Kansas . 113
13%
D+2.78 Michigan . 311
13%
R+15.39 Missouri . 106
13%
R+19.06 Nebraska . 68
13%
R+16.06 Indiana . 96
10%
R+8.2 Iowa . 131
10%
D+7.11 Minnesota . 322
10%
R+8.03 Ohio . 149
10%
R+10.06 Alaska . 125
8%
R+11.68 South Carolina . 122
8%
D+7.35 New Hampshire . 326
6%
D+15.94 New Jersey . 369
6%
D+23.13 New York . 452
6%
D+16.09 Oregon . 376
6%
D+35.41 Vermont . 535
6%
D+10.11 Virginia . 341
6%
D+29.16 California . 507
4%
D+13.5 Colorado . 355
4%
D+9.07 Maine . 328
4%
D+33.46 Massachusetts . 532
4%
D+10.79 New Mexico . 346
4%
D+20.04 Connecticut . 418
3%
D+29.46 Hawaii . 511
3%
D+33.21 Maryland . 521
3%
D+20.77 Rhode Island . 422
3%
D+18.97 Delaware . 399
1%
D+16.99 Illinois . 396
1%
D+19.2 Washington . 411
1%
No matching quizzes found
Score Distribution
Percent of People with Each Score
Percentile by Number Answered
Your Score History
You have not taken this quiz